| 000 | 00396nam a2200169Ia 4500 | ||
|---|---|---|---|
| 005 | 20240704101457.0 | ||
| 008 | 240126s9999 xx 000 0 und d | ||
| 020 | _a9780750662161 | ||
| 082 | _a387.542 JON;1 R | ||
| 100 | _aJones, Peter ed. | ||
| 245 | 0 | _aFlight catering | |
| 250 | _a2nd ed. | ||
| 260 |
_bElsevier _aOxford _c2004 |
||
| 300 | _axvi, 319 | ||
| 440 | _aNULL | ||
| 942 | _cPU | ||
| 999 |
_c274218 _d274218 |
||